000 00520nam a22001697a 4500
005 20251108163346.0
008 250721s1987 xx 000 0 ara d
082 1 4 _a343.2/هلا
100 1 _aأحمد، هلالي عبد الله
245 1 0 _aشرح قانون العقوبات :
_bالقسم العام /
264 1 _aالقاهرة :
_bدار النهضة العربية،
_c1987.
300 _a832ص
650 1 7 _aالقانون الجنائي
650 1 7 _aالعقوبات
942 _2ddc
_cBK
999 _c671
_d671